00591 2200205 4500001002100000005001500021035002000036245007500056100002000131250002000151260004700171300003800218020001800256084001600274082001000290650001800300008004100318990001300359990001300372INLIS00000000000872220230615121835 a0010-01230002631 aRagam kreasi kado cantik :bSimpel dan mudah dibuat /cDesi Hendrayani aDesi Hendrayani aCetakan pertama ayogyakarta :bHijaz Pustaka Mandiri,c2018 avi, 134 halaman :bilus ;c24 cm. a9786025790164 a746.4 DES r a746.4 4aSeni dekorasi230615 g 0 ind  a022.1322 a022.1321